| 000 | nam a22 a 4500 | ||
|---|---|---|---|
| 999 |
_c1086 _d1086 |
||
| 003 | AKMAL | ||
| 005 | 20170508124430.0 | ||
| 008 | 170508s1986 my | g | 000 0 may d | ||
| 039 | 9 |
_a201104131622 _bamin _c200908181620 _dnurulnaida _c200804141213 _dnurulnaida _c200709211042 _drfid1 |
|
| 040 | _aAKMAL | ||
| 082 | 0 | 4 |
_a297.23 TAI _222 |
| 090 | 0 | 0 |
_a297.23 _bTAI |
| 100 | 0 |
_aTaib Azamuddin Mohd. Taib, _cHaji, _d1950- _92263 |
|
| 245 | 1 | 0 |
_aTragedi kiamat / _cTaib Azamuddin Mohd. Taib |
| 260 |
_aKuala Lumpur : _bPustaka Al-Mizan, _c1986 |
||
| 300 |
_aiv, 44ms. ; _c21cm. |
||
| 500 | _aJudul kulit depan | ||
| 650 | 1 | 0 |
_aIslamic eschatology _91940 |
| 650 | 2 | 0 |
_aJudgment Day (Islam) _91941 |
| 942 |
_2ddc _cBOOK |
||